00369nam a2200097Ia 45000010005000000080041000050820028000461000066000742450106001402600025002461161241024s9999 xx 000 0 und d aRD/372.97293/R426p/2009 aRepública Dominicana. Secretaría de Estado de Educación 0aPrograma Multifaese para la equidad de la Educación Básica informe Semestral julio-Diciembre 2009 b[*SIN EDITORIAL*]c0